000
00270nam a22001217a 4500
008
181105b xxu||||| |||| 00| 0 eng d
041
_a
eng
080
_a
101
100
_a
24
101
_a
FIL
245
_a
Types and Problems of Philosophy
_c
Mead.H
942
_2
udc
_c
BK
999
_c
51814
_d
51814